| 000 | 01168nmc a2200301 a 4500 | ||
|---|---|---|---|
| 003 | AR-BaBNM | ||
| 005 | 20251128203213.0 | ||
| 008 | 107019s1971 ||||||||||||||000 | spa|| | ||
| 040 | _cAR-BaBNM | ||
| 100 | 1 | _aColtharp, Joe | |
| 245 | 1 | 0 | _aProducción de transparencias para uso escolar |
| 250 | _a1ª ed. | ||
| 260 |
_aMéxico, D.F. _bPax _bLibrería Carlos Césarman _bCentro Regional de Ayuda Técnica _c1971 |
||
| 300 | 0 |
_a73 p. _bil., diagr. |
|
| 490 | 0 | _aMateriales audiovisuales : guías para el maestro | |
| 500 | 1 | _aEsta edición ha sido preparada conjuntamente por la editorial y el Centro Regional de Ayuda Técnica, Agencia para el Desarrollo InternacionalA.I.D., Departamento de Estado del Gobierno de los Estados Unidos de América. El Centro es una organización dedica | |
| 504 | _aBibliografía: p. 73 | ||
| 650 | 4 | _aENSENANZA AUDIOVISUAL | |
| 650 | 4 | _aTRANSPARENCIAS | |
| 650 | 4 | _aEQUIPO AUDIOVISUAL | |
| 650 | 4 | _aAUXILIARES AUDIOVISUALES | |
| 650 | 4 | _aTECNICAS DE ENSENANZA | |
| 700 | 1 |
_aMcMurry, Gerda _eilustrador |
|
| 700 | 1 |
_aTiemann, Ernest F. _eprologuista |
|
| 700 | 0 |
_aGil Olmos _etraductor |
|
| 942 | _cBK | ||
| 998 | _csilvi | ||
| 999 |
_c2373 _d2373 |
||